000
00208 a2200097 4500
001
30514
100
_a
Phillips
245
_a
Social research
260
_a
London
_b
Macmillan and Co
_c
090
_c
20445
_d
20445
942
_a
NUST-CAE
_c
M
_c
11609
999
_c
265587
_d
265587